| 000 | 00699nam a2200241Ia 4500 | ||
|---|---|---|---|
| 003 | OSt | ||
| 005 | 20220924114609.0 | ||
| 006 | a|||||r|||| 00| 0 | ||
| 007 | ta | ||
| 008 | 220923b |||||||| |||| 00| 0 urd d | ||
| 024 | _a322878 | ||
| 037 | _cTextual | ||
| 040 |
_aARTS _cARTS _burd |
||
| 041 |
_2urd _aurd |
||
| 082 | _aV2:51xM88, 168N0 | ||
| 100 |
_aDasnavi Abdul Qavi Au. _9174458 |
||
| 245 | 0 | _aJawahar-o-Aazad | |
| 260 |
_aBhopal _bSaifia arts Commerce Law college India _c1990 |
||
| 300 |
_a258p. _ccm. |
||
| 650 |
_aINDIA - HISTORY - FREEDOM STRUGGLE _922401 |
||
| 942 |
_hV2:51xM88, 168N0 _cTEXL _2CC |
||
| 999 |
_c394386 _d394386 |
||